[Event "Mazowieckie-chT 0405"]
[Site "Poland"]
[Date "2004.11.21"]
[Round "4"]
[White "Staroszczyk, Mateusz"]
[Black "Izdebski, Slawomir"]
[Result "0-1"]
[WhiteElo "2000"]
[BlackElo "2000"]
[PlyCount "80"]
[EventDate "2004.10.03"]
[EventType "team-tourn"]
[EventRounds "10"]
[EventCountry "POL"]
[SourceTitle "EXT 2019"]
[Source "ChessBase"]
[SourceDate "2018.10.10"]
[SourceVersion "1"]
[SourceVersionDate "2018.10.10"]
[SourceQuality "1"]

1. e4 c5 2. Nc3 Nc6 3. g3 e6 4. Bg2 Nf6 5. Nge2 d5 6. exd5 exd5 7. d4 cxd4 8. Nxd4 h6 9. 0-0 Be7 10. h3 0-0 11. Be3 Ne5 12. Bf4 Ng6 13. Be3 Bb4 14. Nce2 Re8 15. c3 Bd6 16. Qb3 Bd7 17. Nb5 Bf8 18. Nf4 a6 19. Nd4 Nxf4 20. Bxf4 Qc8 21. g4 Bc6 22. Rad1 Ne4 23. Nf5 Qe6 24. Rfe1 Qf6 25. Be3 g6 26. Bd4 Qg5 27. Be3 Qf6 28. Nd4 Bd6 29. Qc2 Kh7 30. c4 Rac8 31. Nxc6 bxc6 32. cxd5 cxd5 33. Qb3 Bc5 34. Rxd5 Bxe3 35. Qxe3 Nc3 36. Re5 Nd1 37. Qe2 Rxe5 38. Qxe5 Qxf2+ 39. Kh1 Rc2 40. Qd5 Qxe1+ 0-1

[Event "Mazowieckie-chT 0405"]
[Site "Poland"]
[Date "2004.10.17"]
[Round "2"]
[White "Izdebski, Slawomir"]
[Black "Szewczyk, Mariusz"]
[Result "1-0"]
[WhiteElo "2000"]
[BlackElo "2046"]
[PlyCount "55"]
[EventDate "2004.10.03"]
[EventType "team-tourn"]
[EventRounds "10"]
[EventCountry "POL"]
[SourceTitle "EXT 2019"]
[Source "ChessBase"]
[SourceDate "2018.10.10"]
[SourceVersion "1"]
[SourceVersionDate "2018.10.10"]
[SourceQuality "1"]

1. d4 Nf6 2. c4 e6 3. Nf3 d5 4. Nc3 Bb4 5. Bg5 h6 6. Bxf6 Bxc3+ 7. bxc3 Qxf6 8. e3 0-0 9. Bd3 b6 10. 0-0 Bb7 11. cxd5 exd5 12. Ne5 Rd8 13. Rc1 Nd7 14. f4 c5 15. Rf3 Rac8 16. Qa4 Rc7 17. Rcf1 cxd4 18. cxd4 Nf8 19. g4 Bc8 20. Qd1 Qh4 21. Rg3 Ne6 22. Qe2 Rf8 23. Qg2 Qe7 24. g5 h5 25. f5 Nxg5 26. Rxg5 f6 27. Qxd5+ Rf7 28. Qxf7+ 1-0